| 000 | 01093nam a22002897a 4500 | ||
|---|---|---|---|
| 005 | 20100913110522.0 | ||
| 008 | 100913t xxu||||| |||| 00| 0 eng d | ||
| 010 | _aENG-101472 | ||
| 020 |
_a9788179102879 _c850.00 |
||
| 035 | _aEN-85005 | ||
| 037 | _bDBAD / PUB | ||
| 040 |
_adpl _bEnglish |
||
| 082 | _a630.68 | ||
| 100 |
_aDhaka, J. M. _919627 |
||
| 245 |
_aEconomics of agricultural production and farm management / _cby J.M. Dhaka |
||
| 260 |
_aJaipur _bAavishkar Publishers, Distributors _c2009 |
||
| 270 |
_a807, Vyas Building, Chaura Rasta, _bJaipur _e302003 |
||
| 300 |
_axii, 260 p. : _c23cm (Hb) _bill. |
||
| 500 | _aIncludes index.and bibliographical references (p. [251]-256) | ||
| 650 |
_aFarm management _919619 |
||
| 650 |
_aFarm management |z _919620 _z India. |
||
| 650 |
_aAgriculture _x Economic aspects. _919621 |
||
| 650 | _919622 | ||
| 700 | _919623 | ||
| 942 |
_2ddc _cEN _mDHA _h630.68 |
||
| 999 |
_c45280 _d45280 |
||